00363 a2200109 450000500170000010000300001724500430004726000250009094200070011599900170012295201140013920260309133036.0 aMusaddiq, Mansam (121119) aExplanstory Accounts for Relations.... aMultan:bAUMC,c2014 cSP c47106d47106 001040708Computer Science aAUMCbAUMCcComputer Science d2026-03-09l0pC000064r2026-03-09 04:30:58ySP